[Event "Tata Steel-A 76th"]
[Site "Wijk aan Zee"]
[Date "2014.01.25"]
[Round "10"]
[White "Giri, Anish"]
[Black "Karjakin, Sergey"]
[Result "1/2-1/2"]
[WhiteElo "2734"]
[BlackElo "2759"]
[Annotator "Marin,M"]
[PlyCount "63"]
[EventDate "2014.01.11"]
[EventType "tourn"]
[EventRounds "11"]
[EventCountry "NED"]
[EventCategory "20"]
[SourceTitle "CBM 159"]
[Source "ChessBase"]
[SourceDate "2014.03.17"]
[SourceVersion "1"]
[SourceVersionDate "2014.03.17"]
[SourceQuality "1"]

1. d4 Nf6 2. c4 e6 3. g3 d5 4. Bg2 Be7 5. Nf3 O-O 6. O-O dxc4 7. Qc2 a6 8. a4
Bd7 9. Qxc4 Bc6 10. Bf4 a5 11. Nc3 Na6 12. Qd3 $5 {A rare plan, aimed at
immediately taking the e4-square under control, at the price of neglecting the
development.} Nb4 13. Qb1 {The rook does not stand nicely on a1, but Black
needs to do something against the strong threat e2-e4.} Nbd5 $5 $146 {Fighting
for the e4-square.} (13... Bxf3 14. Bxf3 c6 {is a typical solid reaction, but
with both his bishops on the board White has some chances to gradually
increase the pressure.} 15. Rd1 Bd6 16. Bd2 Qe7 17. Ne4 Nxe4 18. Bxe4 h6 ({
Somehow,} 18... f5 {does not look like what Black would really need after
having given away his light-squared bishop:} 19. Bf3 Qf6 20. Qc1 h6 21. Qc4 g5
22. Qb3 Rf7 23. Rf1 Nd5 24. Rad1 Qg6 25. Bg2 g4 26. e4 $36 {Birnboim,N (2460)
-Shvidler,E (2200) Beersheba 1982 (1-0, 37). Carried out after thorough
preparation, this causes Black serious problems.}) 19. Bc3 Rad8 20. Bg2 Rfe8
21. Qe4 Bc7 22. e3 Rd7 23. h4 h5 24. Bf1 Bd6 25. Kg2 g6 26. Be2 Qd8 27. Bc4 Nd5
28. Qf3 Bb4 29. e4 $14 {Alburt,L (2505)-Spiridonov,N (2420) Decin 1977 (1-0,
47); and once again the well-timed advance of the e-pawn ensures White some
long term advantage.}) (13... Nfd5 $5 {makes some sense, though.} 14. Bd2 {
True, there is no simple occupation of the e4-square now, but Black may try}
Nb6 15. Rd1 (15. e4 f5 $132) 15... f5 {Black has chances for a successful
blockade on the light squares, especially since White's development is
incomplete.}) 14. Bd2 Nxc3 15. bxc3 Be4 16. Qb2 Qd5 {This is the core of
Black's idea. Apparently, there is no simple way of eliminating the pin.} ({
It is also true that other forms of counterplay would fail to equalise, too:} 
16... Ra6 17. Ne5 Rb6 18. Qa2 Bd5 19. Bxd5 exd5 20. Rab1 $14 {[%cal Gc3c4]
White's massive centre would ensure him a small, but long term advantage.}) 17.
Ne1 $6 {Too soft to cause problems.} ({Both players missed that after} 17. Ne5
$1 Bxg2 18. c4 $14 Qe4 $2 {there is} 19. f3 $3 {trapping the queen in all
lines:} Qxe2 (19... Qf5 20. g4 Nxg4 21. fxg4 Qe4 22. Rf4 $18) 20. Rf2 Bxf3 21.
Rxe2 Bxe2 22. Re1 Bh5 23. Qxb7 $16) 17... Bxg2 18. Nxg2 Rfb8 19. Rfb1 Ne4 20.
Nf4 ({White is not in time to regroup properly:} 20. Be1 Nd6 21. Ne3 Qe4 $132 {
The centre is likely to become a target soon.}) 20... Qd7 (20... Qc4 $5) 21.
Nd3 Nxd2 $6 {The correct idea, in an inaccurate move order.} (21... b5 $1 22.
axb5 Nxd2 23. Qxd2 Rxb5 {would transpose to the game.}) 22. Qxd2 b5 23. axb5 {
Failing to take advantage of Black's inaccuracy.} (23. Qc2 $5 {would have
maintained some pressure. After all, the centre has not been shaken yet and
the a-pawn is safely blocked.}) 23... Rxb5 24. Rxb5 Qxb5 $11 {The a5-pawn
becomes threatening already, so White decided to liquidate to a draw:} 25. c4
Qxc4 26. Rxa5 Rxa5 27. Qxa5 Qxd4 28. Qxc7 Qd6 29. Qc8+ Qd8 30. Qb7 Bd6 31. Kg2
h5 32. h3 1/2-1/2

[Event "Moscow Tal Memorial 4th"]
[Site "Moscow"]
[Date "2009.11.13"]
[Round "8"]
[White "Aronian, Levon"]
[Black "Ivanchuk, Vassily"]
[Result "1/2-1/2"]
[WhiteElo "2786"]
[BlackElo "2739"]
[Annotator "Marin,M"]
[PlyCount "116"]
[EventDate "2009.11.05"]
[EventType "tourn"]
[EventRounds "9"]
[EventCountry "RUS"]
[EventCategory "21"]
[SourceTitle "CBM 133"]
[Source "ChessBase"]
[SourceDate "2009.11.19"]
[SourceVersion "1"]
[SourceVersionDate "2009.11.19"]
[SourceQuality "1"]

1. d4 Nf6 2. c4 e6 3. Nf3 d5 4. g3 Be7 5. Bg2 O-O 6. O-O dxc4 7. Qc2 a6 8. Qxc4
b5 9. Qc2 Bb7 10. Bd2 Be4 11. Qc1 Bb7 12. Bf4 Bd6 13. Nbd2 Bxf4 {This has not
been played at a high level so far.} ({The common continuation is} 13... Nbd7)
14. gxf4 Qd6 15. Nb3 Nbd7 16. Rd1 a5 17. Ne5 Bxg2 18. Kxg2 a4 19. Nc5 Nxc5 20.
Qxc5 Qxc5 21. dxc5 Rfd8 22. Nc6 Rxd1 23. Rxd1 Kf8 24. Kf3 Ke8 25. Nb4 Nd7 26.
c6 Nc5 27. Rc1 Na6 28. Nxa6 Rxa6 {White retains the more active position and
will eventually convert his advantage into an extra pawn. However, this will
prove insufficient for a win.} 29. e4 b4 30. Rc5 f5 31. exf5 exf5 32. Ke3 Ke7
33. Kd4 Kd6 34. Kc4 b3 35. axb3 axb3 36. Rxf5 Rxc6+ 37. Kxb3 Rc1 38. h4 Rf1 39.
Rg5 Rxf2 40. Rxg7 Rxf4 41. Rxh7 c5 42. h5 Rh4 43. h6 Kc6 44. Kc3 Kd5 45. Rh8
Rh3+ 46. Kd2 Kc6 47. Ke2 Kb7 48. Kf2 c4 49. Kg2 Rh5 50. Kf3 Rh4 51. Kg3 Rh1 52.
Kf4 Rh2 53. Ke5 Rxb2 54. Kd4 Rb6 55. Kxc4 Rg6 56. Kd5 Rf6 57. Ke5 Rc6 58. Rh7+
Kb8 1/2-1/2

[Event "World Cup"]
[Site "Khanty-Mansiysk"]
[Date "2009.11.28"]
[Round "3.2"]
[White "Laznicka, Viktor"]
[Black "Bologan, Viktor"]
[Result "1/2-1/2"]
[WhiteElo "2637"]
[BlackElo "2692"]
[Annotator "Marin,M"]
[PlyCount "93"]
[EventDate "2009.11.21"]
[EventType "k.o."]
[EventRounds "7"]
[EventCountry "RUS"]
[SourceTitle "CBM 134"]
[Source "ChessBase"]
[SourceDate "2010.01.18"]
[SourceVersion "1"]
[SourceVersionDate "2010.01.18"]
[SourceQuality "1"]

1. d4 Nf6 2. c4 e6 3. g3 d5 4. Nf3 Be7 5. Bg2 O-O 6. O-O dxc4 7. Qc2 a6 8. a4
Bd7 9. Rd1 Bc6 10. Nc3 Bb4 ({In the first game of the playoffs, the same
variation was played again. Although he chose the main line this time, Bologan
did not quite obtain full equality.} 10... Bxf3 11. Bxf3 Nc6 12. Bxc6 bxc6 13.
Bg5 Rb8 14. e3 a5 15. Bxf6 Bxf6 16. Rac1 c5 17. dxc5 Qe7 18. Nb5 c6 19. Nd4
Bxd4 20. Rxd4 Qxc5 21. Rxc4 Qe5 22. b3 g6 23. Rxc6 $16 {Laznicka,V (2637)
-Bologan,V (2692)/Khanty Mansiysk 3.3 2009 (1/2, 32)}) 11. Bg5 Bxc3 12. Bxf6 $1
Qxf6 13. bxc3 Nd7 14. Qa2 Bd5 15. Nd2 Bxg2 16. Kxg2 c5 17. Nxc4 Rfd8 18. a5 $14
{White has an advantage in the centre, while the black queenside majority is
safely blocked.} h5 19. h4 cxd4 20. cxd4 Nf8 21. e3 g5 22. hxg5 Qxg5 23. Ne5
Rd5 24. Qb1 Rb5 25. Qe4 Ng6 26. Rdb1 Rxb1 27. Rxb1 Nxe5 28. dxe5 Rd8 29. Rxb7
Rd5 30. Qa4 Rd8 31. Qe4 Rd5 32. Qa4 Rd8 33. Ra7 Qxe5 34. Rxa6 Qd5+ 35. Kh2 Qf3
36. Qf4 Qxf4 37. exf4 Rd2 38. Kg2 Ra2 39. Ra8+ Kg7 40. a6 Ra3 41. Kh3 Ra2 42.
Kh4 Rxf2 43. Kxh5 Rf3 44. Kh4 Ra3 45. Kh3 Kf6 46. Kg2 Kf5 47. Kh3 1/2-1/2

[Event "Beersheba 16th"]
[Site "Beersheba"]
[Date "1997.02.26"]
[Round "3"]
[White "Mikhalevski, Victor"]
[Black "Rozentalis, Eduardas"]
[Result "1/2-1/2"]
[WhiteElo "2535"]
[BlackElo "2650"]
[Annotator "Mikhalevski,V"]
[PlyCount "120"]
[EventDate "1997.02.24"]
[EventType "tourn"]
[EventRounds "11"]
[EventCountry "ISR"]
[EventCategory "12"]
[SourceTitle "CBM 058"]
[Source "ChessBase"]
[SourceDate "1997.06.01"]
[SourceVersion "1"]
[SourceVersionDate "1997.06.01"]
[SourceQuality "1"]

1. d4 {Ribli} Nf6 2. c4 e6 3. g3 d5 4. Bg2 Be7 5. Nf3 O-O 6. O-O dxc4 {Ribli:
Rozentalis kennt diese Variante sehr gut.} 7. Qc2 a6 8. a4 Bd7 9. Qxc4 Bc6 10.
Bg5 a5 11. Nc3 Na6 12. Rac1 Nb4 (12... Bxf3 {Ribli} 13. Bxf3 c6 $14 {[%csl Yc3,
Yc4,Yd4,Ye4,Yf3] Ribli: Quinteros,M-Panno,O/Rio Honda/1987/ Weiß hat nur einen
kleinen Vorteil dank seines Übergewichts im Zentrum. Die schwarze Stellung ist
aber gut spielbar, denn er hat keine Schwächen.}) 13. Rfd1 (13. Bxf6 Bxf6 (
13... gxf6 $2 14. e4 Qd6 15. Rfd1 Rfd8 16. d5 exd5 17. exd5 $16 {1-0 Tukmakov
V B-Ziatdinov R/It (open), Biel 1991 (17)}) 14. e4 b6 15. Rfd1 Bb7 16. d5 exd5
17. exd5 Ba6 18. Qb3 Nd3 19. Rb1 Nc5 20. Qc2 Re8 21. h4 Qd6 22. Nd4 Bxd4 23.
Rxd4 Re7 24. Bf1 Bxf1 25. Rxf1 Rae8 26. Nb5 Qe5 27. d6 cxd6 28. Rxd6 Re6 29.
Rfd1 g6 30. Rxe6 Rxe6 31. Nc3 h5 32. Rd5 Qe1+ 33. Kg2 Kg7 34. Rd4 Qe5 35. Rf4
Rd6 36. Rf3 {1/2-1/2 Hjartarson,J-Rozentalis,E/Tilburg blitz 1994}) 13... Rc8 (
13... Bxf3 14. Bxf3 c6 15. e4 Nd7 16. Be3 Bg5 17. Bxg5 Qxg5 18. Bg2 e5 19. d5
Rfd8 20. dxc6 bxc6 21. Bf1 Qe7 {1/2-1/2 Gabriel,C-Siegel,G/Bad Woerishofen op
1996}) 14. Bxf6 (14. Ne5 Bd5 15. Nxd5 exd5 16. Qb5 c6 17. Qxb7 Rb8 18. Qa7 Ra8
19. Qb7 {1/2-1/2 Stohl,I-Rozentalis,E/BL9495 1995}) 14... Bxf6 15. e4 b6 (15...
Bd7 $6 16. h4 c6 17. Qe2 Qe8 18. b3 $16 {Vajnerman-Ivanchuk, Uzhgorod 1985})
16. d5 $5 $146 {Kaidanov 47/(595)} (16. e5 Be7 17. Ne1 Bxg2 18. Nxg2 Qd7 $10 {
Kaidanov-Dautov, Moscow EU-Cup 1989;47/595} (18... c6 {Ribli} 19. Ne3) (18...
Qd7 19. d5 exd5 20. Nxd5 Nxd5 21. Rxd5 Qf5 (21... Qe6 22. Nf4) 22. Ne3 Qe6 $11)
) 16... exd5 17. exd5 Bb7 18. Nd4 Ba6 (18... Bxd4 {Ribli} 19. Rxd4 (19. Qxd4)
19... Ba6 20. Nb5 {Mit Zugumstellung wir haben die Partiefortsetzung.Ribli.} (
20. Qb3 Qf6)) 19. Ncb5 {The key position of the line with 12..Nb4.White is
threatening to play 20.Bh3} Bxd4 {Black liquidate the main enemy.Another
option was} (19... Qd7 $5 20. b3 $5 {/\Nc6} (20. Ne6 $6 fxe6 21. dxe6 Qe8 22.
e7+ Rf7 23. Bh3 Bxe7) (20. Qf1 Bxd4 21. Rxd4 c6 22. Bh3 (22. dxc6 Qxd4 23. Nxd4
Bxf1 24. Kxf1 $44) (22. Rxb4 axb4 (22... cxb5 $5 23. Rxc8 Bxc8 (23... Qxc8 $5 {
/\ba}) 24. Rxb5 $140 $2 Ba6) 23. dxc6 $44) 22... f5 23. dxc6 Qxd4 24. Nxd4 Bxf1
25. Kxf1 $44)) 20. Rxd4 (20. Qxd4 {Ribli} Bxb5 21. axb5 Qd7 $11) 20... Qf6 (
20... Qd7 $5) (20... Qd7 {Ribli} 21. Bf3 {[%cal Yf3g4,Yg4c8]} Kh8 22. Re1 Rcd8
$13 {Taylor,G-Rozentalis,E/Toronto op/1995/}) 21. Rcd1 (21. Bh3 $2 c6 $1 22.
Bxc8 (22. Rf4 Qxb2 23. Bxc8 cxb5 24. axb5 Bxb5 $1 $19) 22... cxb5 23. axb5 Bxc8
$17 (23... Rxc8 $4 24. Qxc8+ Bxc8 25. Rxc8+)) 21... g6 (21... Rfe8 $5) 22. b3 (
22. Bh3 {Ribli} Rce8 (22... c6 $1 23. Rf4 (23. Bxc8 cxb5) 23... Qxb2 24. Bxc8
cxb5 $17) 23. Qxc7 Bxb5 24. axb5 Re2 25. Qf4 $14 {[%csl Gd5][%cal Yd5d8]})
22... Rfe8 23. Bh3 c6 $8 (23... Rcd8 {Ribli} 24. Qxc7) 24. Rf4 $1 (24. Bxc8
cxb5 25. axb5 $15 (25. Qxb4 axb4 26. Bxa6 bxa4 27. bxa4 Re1+ $1 $17) 25... Bxc8
(25... Rxc8 $17 {Ribli})) (24. dxc6 {Ribli} Rxc6 $15) 24... cxb5 (24... Qg7 $5
25. Bxc8 cxb5 26. Qc7 $1 (26. Re4 $2 Rxc8 27. Qxc8+ (27. axb5 Rxc4 (27... Qf6
28. bxa6 Rxc4 29. Re8+ Kg7 30. a7 Nd3 $3 31. Rxd3 $140 Rc2 $1 $19) 28. Re8+ Qf8
29. Rxf8+ Kxf8 30. bxc4 Bc8 $17) 27... Bxc8 28. Re8+ Qf8 29. Rxf8+ Kxf8 $19)
26... Bxc8 (26... Rxc8 27. Qxb6 bxa4 28. Rxb4 axb4 (28... Be2 $2 29. d6 $1 Qf8
(29... Bxd1 30. d7 Rf8 31. d8=Q Rxd8 32. Qxd8+ Qf8 33. Rb8 $1 Qxd8 34. Rxd8+
Kg7 35. Rxd1 axb3 36. Ra1 $1) 30. d7 Rd8 31. Qxd8 Qxd8 32. Rb8 Qxb8 33. d8=Q+
Qxd8 34. Rxd8+ Kg7 35. bxa4 $18) 29. Qxa6 Qc3 30. Qxa4 $16) 27. d6 Nd5 $3 28.
Qc6 $1 (28. Rxd5 $4 Qa1+ 29. Kg2 Qf1+ $3 30. Kxf1 Bh3+ 31. Kg1 Re1#) (28. d7 $2
Nxc7) 28... Qe5 $1 29. Qxd5 (29. Rxd5 $4 Qe1+ 30. Kg2 Qf1+ $3) 29... Qxd5 30.
Rxd5 Re1+ 31. Kg2 Bb7 32. Rfd4 $1 (32. d7 $2 Bxd5+ 33. f3 (33. Kh3 $2 Be6+)
33... Bxf3+ $1 {/\Rd1}) 32... Re8 $8 (32... Re6 33. Kf1 $1 $18 (33. d7 $4 Rd6
$19)) 33. axb5 Rd8 $14) (24... Qd8 25. d6 Rf8 (25... Rc7 26. Qd4) 26. d7 $1 Ra8
(26... cxb5 27. Qxf7+ $3 Rxf7 28. dxc8=Q Qxc8 29. Bxc8 Rxf4 (29... Bxc8 30.
Rd8+ Kg7 31. Rxf7+ Kxf7 32. Rxc8 bxa4 33. bxa4 $18) 30. gxf4 (30. Be6+ $5)
30... Bxc8 31. Rd8+ Kf7 32. Rxc8 bxa4 33. bxa4 $18) (26... Rb8 27. Be6 $3 fxe6
28. Qxe6+ Kg7 29. Qe5+ Kg8 30. Rxf8+ Qxf8 31. Qxb8 $1 Qxb8 32. d8=Q+ Qxd8 33.
Rxd8+ $18) 27. Be6 $3 fxe6 (27... Qe7 28. Bxf7+ Rxf7 29. d8=Q+ Rxd8 30. Rxd8+
Qxd8 31. Qxf7+ Kh8 32. Re4 $18) (27... cxb5 28. Bxf7+ Kg7 (28... Rxf7 29. Qxf7+
Kh8 30. Re1 $18) 29. Qd4+ Kh6 30. Rh4+ $18) 28. Qxe6+ Kg7 29. Qe5+ Kg8 (29...
Kh6 30. Rxf8 $1 Qxf8 31. Rd4 g5 32. Rd6+ Kh5 33. Qe2+ g4 34. Qe5+ $18) 30. Nc7
$1) (24... Qb2 $2 {Ribli} 25. dxc6 $16 {[%csl Rf7][%cal Rc4f7,Rf4f7,Rh3c8]}) (
24... Qe7 $2 {Ribli} 25. d6 cxb5 26. dxe7 bxc4 (26... Rxc4 27. bxc4 Rxe7 28.
cxb5 $18) 27. Bxc8 Bxc8 28. Rd8 $18) 25. Qxb4 $1 (25. Qxc8 $2 Bxc8 26. Rxf6
Bxh3 $17) (25. Rxf6 {Ribli} bxc4 26. Bxc8 Rxc8 $17) 25... Qc3 $1 (25... Qd8 26.
Qd4 $14) (25... Qb2 26. Qd4 Qxd4 27. Rfxd4 $14) (25... axb4 {Ribli} 26. Rxf6
bxa4 (26... Rb8 27. a5 $1 $18 {[%cal Yf6a6]}) (26... Rc3 27. Rxb6 $5 $16) 27.
Bxc8 $18) 26. Qxc3 Rxc3 27. Bf1 (27. d6 $5 bxa4 (27... f5 {Ribli Beschränkt
die weisse Figurenaktivität.Ribli.} 28. Bf1 (28. Bg2 bxa4) 28... Rxb3 $11) 28.
d7 (28. bxa4 $5 f5 29. Rfd4 $14) 28... Rd8 29. bxa4 (29. Re4 Bb5 30. bxa4 Bc6)
29... f5 30. Rfd4 $14) (27. Bd7 Rd8 28. axb5 Bb7 29. Bc6 Bxc6 30. bxc6 Rxc6 31.
dxc6 Rxd1+ 32. Kg2 Rd8 $8 $11 (32... b5 $2 33. c7 Rc1 34. Rc4 $1 $18)) (27. Rf6
bxa4 28. bxa4 Rd3 29. Rxd3 Re1+ $1 (29... Bxd3 30. f4 $1 Re1+ 31. Kf2 Re2+ 32.
Kf3 Rxh2 33. d6 $1) 30. Kg2 Bxd3 31. f4 Be4+ 32. Kf2 Rd1 33. Rxb6 (33. Ke3 Bc2
$1 34. Rxb6 Rd3+ $1 35. Kf2 Rxd5 36. Rb5 $11) 33... Rxd5 $11) 27... Rxb3 28.
Rf6 $1 Bb7 $1 {[]} (28... Rb8 $2 29. Rc6 $3 Bb7 (29... Rb4 30. d6 $1) 30. axb5
$1 (30. Rxb6 $2 bxa4) 30... Bxc6 31. bxc6 Rc3 32. Bb5 $1 Rd8 (32... Rc5 33. d6
Rd8 (33... Rxb5 $2 34. c7 $18) 34. Kg2 $1 $18 (34. c7 $4 Rxc7 35. dxc7 Rxd1+
36. Kg2 Rc1 $19)) 33. d6 {/\Kg2 and c6-c7+-}) 29. Bxb5 (29. Rxb6 $2 {Ribli}
bxa4 $17) 29... Rd8 30. Rxb6 Rxd5 {[#] [#]} (30... Bxd5 $2 31. Rc6 $18) 31. Re1
$6 $138 (31. Rc1 $142 $1 Rd7 $8 (31... Rc5 $2 32. Rxc5 Rb1+ 33. Bf1 Rxb6 34.
Rxa5 $16) 32. Rxg6+ hxg6 33. Bxd7 Bf3 34. h3 Rb4 35. g4 Rd4 36. Bb5 Bd1 37. Ra1
$14) (31. Rxd5 $2 {Ribli} Bxd5 32. Ra6 $4 Rb1+ 33. Bf1 Rxf1+ $19) 31... Rd7 32.
Rxg6+ hxg6 33. Bxd7 Bf3 {Weiß hat einen Bauer mehr, aber - wie gewöhnlich -
ist die Bauernmehrheit am Königsflügel schwer zu verwerten. Besonders bei
reduziertem Material im Turmendspiel, oder im Läuferendspiel ist die
Remisgefahr groß.Ribli.} 34. h3 Rb4 35. Bb5 (35. g4 Rd4 36. Bb5 Bd1 37. Re8+
Kg7 38. Ra8 Bxa4 39. Rxa5 Bxb5 40. Rxb5 $11) 35... Rd4 36. Ra1 {Weiß bereitet
den Zug Bf1 vor.Ribli.} f5 $1 $11 {Now we can see the difference between 31.
Rc1 and 31.Re1.White didn't have time for g3-g4.} 37. Kh2 Rd2 38. Kg1 Kg7 {
Mit 38...Rd4 haben wir Zugwiederholung, aber Schwarz macht, ohne auf Gewinn
spielen zu können, den besten Zug. Ribli.} (38... Rd4 $11 {Ribli}) 39. Bf1 f4
$6 (39... Rd4 $142) (39... Kf6 $5 {Ribli}) 40. gxf4 Rd4 41. Kh2 Rxf4 42. Kg3 g5
43. Rc1 $1 Kf6 (43... Kg6 44. h4 $1 Bh5 (44... Bb7 45. Bd3+ $1 Kh5 $8 (45...
Be4 46. Rc6+ $1 Kg7 47. Bxe4 Rxe4 48. hxg5 Rxa4 49. Ra6 Ra1 50. f4 a4 51. Kg4
a3 52. Ra7+ Kf8 53. Kf5 $18) 46. Be2+ Kh6 47. Rc7 $1 Rb4 (47... Bh1 48. hxg5+
Kxg5 49. Rc5+ Rf5 50. Rxf5+ Kxf5 51. Bf3 $18 (51. f3 $18)) 48. hxg5+ Kxg5 49.
Rc5+ Kf6 50. Rxa5 $18) (44... Ba8 45. hxg5 Rxa4 (45... Kxg5 46. Rc5+ Rf5 47.
Rxf5+ Kxf5 48. Bg2 $18)) (44... Bd5 45. hxg5 Rxa4 (45... Kxg5 46. Rc5 $1 Rf3+
47. Kh2 Rxf2+ 48. Kg1 Rf5 49. Bh3 Re5 50. Bg2 $18) 46. f4 $16) 45. Bd3+ Kg7 46.
Rc7+ Kf8 47. hxg5 $16) (43... Bd5 $2 {Ribli} 44. Rc5 {[%cal Rc5g5,Rc5a5]}) (
43... Bh5 {Ribli} 44. Rc5 {[%cal Rc5g5,Rc5a5]}) 44. h4 $1 (44. Rc5 $2 Bd1 $11 (
44... Bb7 45. Rxa5 Rf3+ 46. Kh2 Rxf2+ 47. Kg1 Ra2 48. Ra7 $14)) 44... Bb7 $2 (
44... Bd5 $2 45. hxg5+ Kxg5 46. Rc5 Rf3+ 47. Kh2 Rxf2+ 48. Kg1 Rf5 49. Bh3 Re5
50. Bg2 $18) (44... Be4 $1 45. hxg5+ Kxg5 46. Rc5+ Rf5 (46... Bf5 $2 47. Bh3)
47. f4+ Kf6 48. Rc4 $16) 45. hxg5+ $2 (45. Bg2 $1 Bxg2 (45... Be4 46. hxg5+
Kxg5 47. Bxe4 Rxe4 48. Rc5+ $18) (45... Rb4 46. hxg5+ Kxg5 47. Rc5+ Kf6 48.
Bxb7 Rxb7 49. Rxa5 $18) 46. hxg5+ Ke5 (46... Kxg5 47. Rc5+ Rf5 48. Rxf5+ Kxf5
49. Kxg2 $18) 47. Rc5+ Kd6 48. Rxa5 $18) 45... Kxg5 46. Rc5+ Rf5 47. f4+ Kf6
48. Rc7 $16 {Weiß hat mehr praktische Gewinnchancen mit den Türmen auf dem
Brett. Ribli.} (48. Rxf5+ $6 {Ribli} Kxf5 $11) 48... Be4 49. Bb5 $6 (49. Bc4
$142) 49... Rd5 50. Rc6+ Kg7 51. Ra6 Rd2 52. Bf1 $1 (52. Rxa5 Rg2+ 53. Kh3 Rf2
$11 (53... Rf2 {Ribli} 54. Ra7+ Kf6 55. Kg4 Rg2+ $11)) 52... Rd1 $1 (52... Rd5
53. Kf2 $1 $16 {/\Ke3}) 53. Be2 (53. Kf2 $2 Rxf1+ (53... Rxf1+ {Ribli} 54. Kxf1
Bd3+ 55. Ke1 Bxa6 {Jetzt hat Schwarz großen Materialvorteil, aber trotzden ist
eine theoretische Remisstellung auf dem Brett. Schwarz hat den "schlechten"
Läufer. Wegen der schwarzen Farbe des Feldes a1 muß er einen schwarzfarbigen
Läufer haben, dann wäre es eine Gewinnstellung für ihn. Ribli.})) (53. Ra7+ $1
Kf6 54. Kf2 Ra1 $1 (54... Kf5 $2 55. Ke3 $1 $18) 55. Rxa5 Ra3 $1 56. Be2 Bc2
57. Bb5 (57. Rc5 Bxa4 58. Ra5 Ra2 $11) 57... Be4 $1 58. Ra7 Rf3+ 59. Ke2 Rxf4
60. Ke3 Rh4 $14) 53... Rd2 54. Kf2 (54. Bf1 $142 Rd1 55. Ra7+ Kf6 56. Kf2)
54... Ra2 $1 $11 {Leider droht - aus weißer Sicht- 55...Bd3, und es hängt auch
a4. Ribli.} (54... Bd3 $2 55. Ra7+ Kf6 56. Ke3 Rxe2+ 57. Kxd3 $18) 55. Ke3 (55.
Rxa5 Bd3 56. Re5 Bxe2 57. Rxe2 Rxa4 $11) 55... Rxa4 56. Bb5 Rb4 57. Rxa5 Kf6
58. Ra6+ Ke7 59. Bf1 Bf5 60. Bg2 {Weiß hat nur einen minimalen Materialvorteil,
und er kann niemals sein maximales Ziel erreichen: Turm und Läufer gegen Turm.
Dann hätte er praktische Gewinnchancen.Ribli.} Kf7 1/2-1/2